Κοινωνικό κεφάλαιο, εμπιστοσύνη και κοινωνία των πολιτών
Αποθηκεύτηκε σε:
| Άλλοι συγγραφείς: | |
|---|---|
| Μορφή: | Βιβλίο |
| Γλώσσα: | Greek |
| Δημοσίευση: |
Αθήνα :
Παπαζήση,
2010
|
| Θέματα: | |
| Ετικέτες: |
Προσθήκη ετικέτας
Δεν υπάρχουν, Καταχωρήστε ετικέτα πρώτοι!
|
MARC
| LEADER | 00000cam a2200000 i 4500 | ||
|---|---|---|---|
| 001 | 1/16202 | ||
| 008 | 111103s2010 gre d | ||
| 020 | |a 978-960-02-2503-7 | ||
| 035 | |l 10111271 | ||
| 040 | |a GR-MY-UA |b gre |e aacr | ||
| 041 | 0 | |a gre | |
| 082 | 0 | |a 302 |2 (22) | |
| 245 | 1 | 0 | |a Κοινωνικό κεφάλαιο, εμπιστοσύνη και κοινωνία των πολιτών / |c επιστημονική επιμέλεια: Σωκράτης Μ. Κονιόρδος |
| 260 | |a Αθήνα : |b Παπαζήση, |c 2010 | ||
| 300 | |a 263 σ.; |c 20 εκ. | ||
| 650 | 0 | 0 | |a Social capital (Sociology) |
| 650 | 0 | 0 | |a Political sociology. |
| 650 | 0 | 0 | |a Economics |x Social aspects. |
| 700 | 1 | |a Κονιόρδος, Σωκράτης. |4 edt | |
| 852 | |a INST |b RHODES |e 20111103 |h 302 KOI |p 005400033782 |q 005400033782 |t BK |y 0 | ||
| 901 | |a BIBL4-2011-3 | ||
| 909 | |a Ρ |b 170420 | ||
| 922 | |a 4ΕΛΗ | ||
| 970 | |z 2011/05/ | ||